000 00514nam a2200145Ia 4500
008 100122s9999 xx 000 0 und d
082 _b53103
_a820.9
100 _aअदवंत म ना
245 _aमराठी लघुकथेचा इतिहास
260 _bनीहारा प्रकाशन
_c1993
300 _a172
630 _aमराठी लघुकथेचा इतिहास
730 _aमराठी लघुकथेचा इतिहास
942 _cBOOK
999 _c430220
_d430217